000 03963nab a2200361 i 4500
003 BR-BrBNA
005 20240812135420.0
008 240812b2017 bl.|r|pooa||| 00| 0 por |
040 _aBR-BrBNA
_bpor
072 _aL01
_b5214
072 _aL53
100 _aRibeiro, L.S.
100 _aGoes, T.J.F.
100 _aTorres Filho, R.A.
100 _aAraújo, C.V.
100 _aReis, R.B.
100 _aSaturnino, H.M.
245 _aDesempenhos produtivo e reprodutivo de um rebanho F1 Holandês x Gir em Minas Gerais
500 _a Publicação online; 25 ref.; 6 tables; 5 illus.; Summaries (En, Pt)
520 _a RESUMO - Objetivou-se avaliar os desempenhos produtivo e reprodutivo de vacas F1 Holandês x Gir Minas Gerais, as quais foram mantidas em sistema de produção a pasto no verão, com suplementação de concentrado, e, no inverno, alimentadas com cana-de-açúcar, polpa de citros e concentrado. As características avaliadas foram: idade ao primeiro parto, intervalo parto-primeiro serviço, período de serviço, intervalo de partos, permanência da matriz no rebanho, produção de leite total por lactação, duração da lactação, produção média diária, produções ajustadas a 280 dias e a 305 dias de lactação, produção de leite por intervalo de partos e curvas de lactação conforme ordem de partos, época de partos e período de serviço. A função gama incompleta foi utilizada para estimação dos parâmetros das curvas de lactação. As demais características foram analisadas utilizando-se modelos lineares mistos. O rebanho apresentou ótimo desempenho (6271,56kg de leite por lactação). As fêmeas F1 Holandês x Gir são boa alternativa para a produção de leite, desde que garantidas boas condições de manejo, alimentação do rebanho e utilização de matrizes oriundas de programas de cruzamento direcionados empregando-se critérios de melhoramento genético. Palavras-chave: bovinos de leite, curva de lactação, rebanho mestiço, produção de leite
520 _a ABSTRACT - The objective was to evaluate the productive and reproductive performances of F1 Holstein x Gir cows in the state of Minas Gerais. The herd during the summer was managed in a pasture based production system with supplementation of concentrate according to milk production and in the winter it was fed with sugar cane, citrus pulp and concentrate. The characteristics evaluated were: age at first calving, calving to first service interval, service period, calving interval, permanence the cows in the herd, total milk production per lactation, lactation length, average milk daily, productions adjusted to 280 and to 305 days of lactation, milk production per calving interval, and lactation curves. The Incomplete Gamma function was used to estimate the parameters of lactation curves at parturition order, parturition epoch and service period. The other characteristics were analyzed using linear mixed models. The herd showed great performance (6271,56 kg of milk per lactation). F1 Holstein x Gir cows are a good alternative to milk production, as long as good conditions of handling and feeding are guaranteed, and the use of cows derived from breeding programs targeted using genetic improvement criteria. Keywords: dairy cattle, lactation curve, herd crossbred, milk production
650 _aGADO LEITEIRO
650 _aGADO MESTIÇO
650 _aMANEJO
650 _aDIETA
650 _aREPRODUÇÃO ANIMAL
650 _aCRUZAMENTO
650 _aPRODUTIVIDADE
773 0 _01643
_9316504
_dBelo Horizonte-MG Universidade Federal de Minas Gerais - Escola de Veterinaria 1983
_o2024-2999
_tArquivo Brasileiro de Medicina Veterinária e Zootecnia (Brazil)
_x0102-0935
_gv. 69(6) p. 1624-1634; (2017)
_wBR2024002256
856 _uhttps://www.scielo.br/j/abmvz/a/KnpLfKryBBSxxHKfRz667Px/?format=pdf&lang=pt
942 _cAnalítica
999 _c300849
_d300849